000 00859nam a2200253 i 4500
001 186122
003 SpMaBN
005 20230906222610.0
008 160909s1988 sp |||| |dspa d
020 _a84-249-1367-1
080 _a821.14-5"-04"
100 0 _aLisias.
_972539
245 1 0 _aDiscursos.
_n1 /
_cLisias ; introducciones, traducción y notas por José Luis Calvo Martínez.
260 _aMadrid :
_bGredos,
_c[1988]
300 _a1 v. (374 p.) ;
_c20 cm.
490 1 _aBiblioteca clásica Gredos ;
_v122
500 _aÍndice onomástico.
504 _aBibliografía: p. 53-64.
505 8 _aContiene: 1 ;
_tDiscursos: I-XV
700 1 _aCalvo Martínez, José Luis.
_933894
830 0 _aBiblioteca clásica Gredos ;
_v122
_9177556
852 _aES-MaACL
_jL-30667
_z- enc. cart.
_z. - Donat. Miguel A. Velasco
999 _c186122
_d186122